000 02031cam a22001934a 4500
005 20250605164342.0
008 250528s ||||||||||||||||||||||||d
035 _a23640
040 _aGR-AtMCL
_bgre
_dGR-AtMCL
_eAACR2
245 1 _aInternational Hotel and Tourism Management/Ξενοδοχεία Τύπου Boutique στην Αθήνα και Κριτήρια Επιλογής τους.
260 _c2013
300 _a45
520 _aΕισαγωγή, Χαρακτηριστηκά της Ελληνικής Ξενοδοχειακής Αγοράς, Διεθνείς Τάσεις της Ξενοδοχειακής Αγοράς, οι Κληματικές Αλλαγές και τα Περιβαλλοντικά Ζητήματα, η Επιρροή των ΜΜΜ και του Κόστους των Ναύλων στον Τουρισμό, η Εξάπλωση της Χρήσης του Διαδικτύου και ο Ρόλος του Ηλεκτρικού Εμποριού στον Τουρισμό, οι Τεχνολογικές Εξελίξεις, η Ένοια των Ξενοδοχειακών Boutique στην Ελλάδα, Χαρακτηριστηκά και Δημιουργεία Ξενοδοχειακών Τύπου Boutique στην Ελλάδα, το Μείγμα Marketing των Υπηρεσιών ή 7Ps, τις Ιδιαιτερότητες των Τουριστικών Προϊόντων, Τμηματοποίηση της Αγοράς, Καταναλωτική Συμπεριφορά, Ικανοποίηση των Πελατών, οι 5 Διαστάσεις της Ποιότητας των Υπηρεσιών, Μεθοδολογία, Ανάλυση των Στοιχείων, της Έρευνας Παρουσίαση του New Hotel της Αλυσίδας, Yes Hotel, Συμπεράσματα, Προτάσεις, Πηγές.
700 1 _aΘεοδοσιάδου Σοφία
_99234
700 1 _aΡουμελιώτης Γεώργιος
_99235
942 _cDS
999 _c8637
_d8637